000 00324nam a2200133Ia 4500
008 220204s9999 xx 000 0 und d
082 _a347.7
_bSHU;1
100 _aGULSHAN, S S
245 0 _aPrinciples of company law
260 _aRamnagar
_bS Chand
_c1973
650 _aCompany law
700 _aSHUKLA, M C
942 _cBK
999 _c23436
_d23436